Divisons de la Waffen SS - Statistiques

Statistiques générales
  • Ce quiz a été pris 56 fois
  • Le résultat moyen est 7 sur 19
Statistiques - réponses
Réponse % Correct
1re Panzerdivision SS Leibstandarte-SS-Adolf Hitler
83%
2e Panzerdivision SS Das Reich
83%
5e Panzerdivision SS Wiking
61%
3. SS-Panzer-Division Totenkopf
56%
6e division SS de montagne „Nord“
56%
35e SS- et Polizei-Grenadier-Division
39%
8e division SS de cavalerie Florian Geyer
33%
10e Panzerdivision SS Frundsberg
28%
12e Panzerdivision SS Hitlerjugend
28%
4. SS-Polizei-Panzergrenadier-Division
28%
7e SS-Freiwilligen-Gebirgs-Division Prinz Eugen
28%
16e Panzergrenadier Division SS Reichsführer-SS
22%
17e Panzergrenadier Division SS Götz von Berlichingen
22%
9e Panzerdivision SS Hohenstaufen
22%
32e SS-Freiwilligen-Grenadier-Division 30 Janvier
17%
36e Waffen-Grenadier-Division de la SS
17%
38e division SS de grenadiers Nibelungen
17%
24. Waffen-Gebirgs-(Karstjäger-)Division der SS
11%
37e SS-Freiwilligen Kavallerie Division
6%
Aucun quiz correspondant
Distribution des résultats
% des personnes avec chaque résultat
Percentile par nombre de réponses
Votre historique - résultats
Vous n’avez pas pris ce quiz